00478cam a22001694a 45000010006000000050017000060080041000230350013000640100017000770200015000940400013001090420008001221000017001302450114001472600037002613000010002983077920230411085954.0060919s2005 pn 000 0 spa  a14558070 a 2006493774 a9962027160 aDLCcDLC apcc1 aSmith, Alan.10aTurismo en la planificacion integral :bcaso de Panamâa : consejos derivados de experiencias /cAlan Smith. a[Panamââa] :b[s.n.],c2005. a75 p.